000 01625cam a22004094i 4500
003 PE-LiUPU
005 20250731183347.0
008 030630s2001 nyua r 000 0 eng d
020 _a0789306328
020 _a9780789306326
035 _a(Sirsi) i9780789306326
040 _aESUDE
_bspa
_cESUDE
_dPE-LiUPU
_erda
082 0 4 _a728.097309049
_bL22
_221
100 1 _aLang Ho, Cathy,
_eautor.
245 1 0 _aHouse :
_bAmerican houses for the new century /
_cCathy Lang Ho and Raul A. Barreneche.
264 _aNew York :
_bUniverse,
_cc2001.
300 _a224 páginas :
_bilustraciones ;
_c24 centímetros.
336 _atext
_2rdacontent
337 _aunmediated
_2rdamedia
338 _avolume
_2rdacarrier
526 _aP158
526 _aP146
526 _aP17
526 _aP12
526 _aP06
541 _g003-001195;
650 0 _aArquitectura moderna
_ySiglo XX
_zEstados Unidos.
650 0 _aCasas individuales
_zEstados Unidos
_ySiglo XX.
650 0 _aViviendas
_zEstados Unidos
_ySiglo XX.
700 1 _aBarreneche, Raul A.
910 _ajck
_bebj
_cebj
_d20160622
942 _2ddc
_cBOOK
949 _a728.097309049 L22
_wDEWEY
_c1
_i73775
_d2016-11-21
_e2016-11-14
_lCCODEBUL1
_mBUL
_n2
_p26.12
_r0
_sY
_tBOOK
_u2016-6-22
_xINGENIERIA
_PP06
_0COMPRA
_o.STAFF. Colección General
994 _aC0
_bPEPRU
596 _a1
999 _a728.097309049 L22
_wDEWEY
_c10129
_i73775
_d10129
_e2018-10-26
_f2021-11-30
_g7
_lCCODEBUL1
_mBUL
_n3
_p26.12
_q2
_r0
_sY
_tBOOK
_u2016-6-22
_xINGENIERIA
_PP06
_0COMPRA
_o.STAFF. Colección General
980 _81
_gALBERTO SANCHEZ Responsable de Automatización